Disney Channel Original Series - Statistics

General Stats
  • This quiz has been taken 700 times
  • The average score is 27 of 122
Answer Stats
Air Dates Series % Correct
2011-15 Jessie
81%
2006-11 Hannah Montana
80%
2003-07 That's So Raven
76%
2010-14 Good Luck Charlie
74%
2005-08 The Suite Life of Zack & Cody
72%
2008-11 The Suite Life on Deck
72%
2007-12 Wizards of Waverly Place
71%
2011-16 Austin & Ally
64%
2010-13 Shake It Up
64%
2007-15 Phineas and Ferb
63%
2013-2016 Liv and Maddie
62%
2009-11 Sonny with a Chance
62%
2011-12 So Random!
62%
2010-11 Take Two with Phineas and Ferb
62%
2014-17 Girl Meets World
59%
2001-04 Lizzie McGuire
57%
2011-14 A.N.T. Farm
55%
2015- Bunk'd
55%
2017- Raven's Home
51%
2015-18 K.C. Undercover
49%
2002-07 Kim Possible
49%
2012-16 Gravity Falls
47%
2012-15 Dog with a Blog
45%
2009-10 Jonas
43%
2017-19 Andi Mack
42%
2007-08 Cory in the House
42%
2012-16 Lab Rats
38%
2016 Lab Rats: Elite Force
38%
2000-03 Even Stevens
37%
2004-06 Phil of the Future
37%
2014-15 I Didn't Do It
36%
2016-18 Stuck in the Middle
35%
2016-19 Bizaardvark
34%
2011-15 Kickin' It
33%
2001-05 The Proud Family
31%
2013- Mickey Mouse
30%
2015-16 Best Friends Whenever
29%
2010-14 Fish Hooks
29%
2010-13 Pair of Kings
27%
2017- DuckTales
23%
2019- Sydney to the Max
21%
2005-07 American Dragon: Jake Long
20%
2018- Coop & Cami Ask the World
20%
2003-06 Lilo & Stitch
20%
2020- The Owl House
19%
2009-12 Zeke and Luther
19%
2019- Amphibia
18%
2018- Big City Greens
18%
2013-15 Mighty Med
18%
2017-2020 Rapunzel's Tangled Adventure
17%
2015-2019 Star vs. The Forces of Evil
16%
2019- Gabby Duran & the Unsittables
15%
2006-09 The Replacements
15%
2004-06 Brandy & Mr. Whiskers
14%
2015-17 Descendants: Wicked World
14%
2016- Milo Murphy's Law
14%
2006-08 The Emperor's New School
14%
2016- Elena of Avalor
12%
2003-09 Recess
12%
2019 Fast Layne
11%
2019- Just Roll with It
11%
2010-12 Kick Buttowski: Suburban Daredevil
11%
1999-2001 So Weird
11%
2013-15 Wander over Yonder
11%
1998-2001 Bug Juice
10%
2018 Bug Juice: My Adventures at Camp
10%
2004-05 Dave the Barbarian
10%
2011-12 My Babysitter's a Vampire
10%
2018- Big Hero 6: The Series
9%
2011 PrankStars
9%
2014-18 Star Wars Rebels
9%
2005-06 The Buzz on Maggie
9%
1998-2001 The Famous Jett Jackson
9%
2016-18 Walk the Prank
9%
2015-17 Gamer's Guide to Pretty Much Everything
8%
2016-17 Lego Star Wars: The Freemaker Adventures
8%
2016-18 Mech-X4
8%
2018-20 Star Wars Resistance
8%
1999-2004 The Jersey
8%
2020- Disney Fam Jam
7%
1995-97 Flash Forward
7%
2000 Totally Circus
7%
2001 Totally Hoops
7%
2002 Totally in Tune
7%
2012-14 Crash & Bernstein
6%
2009-11 I'm in the Band
6%
2000-01 In a Heartbeat
6%
2014-17 Kirby Buckets
6%
2012-17 Ultimate Spider-Man
6%
2007-09 As the Bell Rings
5%
2012 Code: 9
5%
1997-99 Going Wild with Jeff Corwin
5%
1997-99 Mad Libs
5%
2017- Marvel's Spider-Man
5%
1998-99 Off the Wall
5%
2009-10 Aaron Stone
4%
2013-19 Avengers Assemble
4%
2002-03 Disney's House of Mouse
4%
2004 Fillmore!
4%
2014-17 Penn Zero: Part Time Hero
4%
2015-18 Pickle and Peanut
4%
2006-07 Shorty McShort's Shorts
4%
2014-16 The 7D
4%
2010-13 The Avengers
4%
1999 Timon & Pumbaa
4%
2014 Win, Lose or Draw
4%
2016-18 Future-Worm!
3%
2002-04 Lloyd in Space
3%
2012-15 Randy Cunningham: 9th Grade Ninja
3%
2002 Teacher's Pet
3%
2002-04 The Weekenders
3%
2012-13 Tron: Uprising
3%
2015-19 Guardians of the Galaxy
2%
2017- Hotel Transylvania: The Series
2%
2013-15 Hulk and the Agents of S.M.A.S.H.
2%
2012-13 Motorcity
2%
2019- Pup Academy
2%
2016-17 Right Now Kapow
2%
2019- Shook
2%
2002-04 Teamo Supremo
2%
2009 Yin Yang Yo!
2%
2017 Billey Dilley's Super-Subterranean Summer
0%
No matching quizzes found
Score Distribution
Percent of People with Each Score
Percentile by Number Answered
Your Score History
You have not taken this quiz